[Event "SVK-chT2D 1516"]
[Site "Slovakia"]
[Date "2015.12.06"]
[Round "6.8"]
[White "Kajnak, Stefan"]
[Black "Sabol, Jan"]
[Result "0-1"]
[WhiteElo "1562"]
[BlackElo "1830"]
[PlyCount "104"]
[EventDate "2015.10.17"]
[EventType "team-tourn"]
[EventRounds "11"]
[EventCountry "SVK"]
[SourceTitle "CBM 170 Extra"]
[Source "ChessBase"]
[SourceDate "2016.02.25"]
[SourceVersion "1"]
[SourceVersionDate "2016.02.25"]
[SourceQuality "1"]
[WhiteTeam "Presov Tatran"]
[BlackTeam "Presov Slavia"]
[WhiteTeamCountry "SVK"]
[BlackTeamCountry "SVK"]

1. d4 Nf6 2. Nc3 d5 3. Nf3 Bf5 4. Bg5 e6 5. a3 Nbd7 6. Ne5 Be7 7. Nxd7 Qxd7 8. Bxf6 Bxf6 9. e3 0-0 10. g4 Bg6 11. h4 h6 12. Bd3 Bxd3 13. Qxd3 Qe7 14. g5 Bxg5 15. hxg5 Qxg5 16. 0-0-0 f5 17. f4 Qf6 18. Rdg1 Rac8 19. Qe2 c5 20. Qh5 Kh7 21. Ne2 Rc6 22. Rg2 Rg8 23. Rhg1 g6 24. Qf3 b5 25. Ng3 cxd4 26. Nh5 Qh4 27. Ng3 d3 28. c3 a5 29. Nxf5 exf5 30. Qxd5 Qf6 31. Qe5 Qxe5 32. fxe5 Re6 33. Kd2 Rxe5 34. Rh1 Rge8 35. Rh3 Rd8 36. Rh4 Re4 37. Rh3 h5 38. Rf2 Kh6 39. Rf4 Rxf4 40. exf4 Rd5 41. b3 Rd8 42. Re3 Rd5 43. c4 bxc4 44. bxc4 Rd4 45. c5 h4 46. c6 Rc4 47. Re6 Kh5 48. Kxd3 Rc1 49. Kd4 h3 50. Re3 Rxc6 51. Rxh3+ Kg4 52. Rc3 Rxc3 0-1